[Event "27th Open A"]
[Site "Bethune FRA"]
[Date "2006.12.29"]
[Round "7"]
[White "Gladyszev,O"]
[Black "Gharamian,T"]
[Result "1/2-1/2"]
[WhiteElo "2463"]
[BlackElo "2467"]

1.d4 Nf6 2.c4 e6 3.Nc3 Bb4 4.Qc2 O-O 5.a3 Bxc3+ 6.Qxc3 b6 7.Nf3 Bb7 8.e3 d5
9.b4 c5 10.Bb2 Nbd7 11.dxc5 bxc5 12.Be2 cxb4 13.axb4 dxc4 14.Qxc4 Qe7 15.b5 Rfc8
16.Ba3 Qd8 17.Qd4 a6 18.O-O axb5 19.Bxb5 Ba6 20.Bxa6 Rxa6 21.Be7 Qb6 22.Rxa6  1/2-1/2

[Event "Harmonie"]
[Site "Groningen NED"]
[Date "2006.12.29"]
[Round "8"]
[White "Ernst,S"]
[Black "Geirnaert,S"]
[Result "1-0"]
[WhiteElo "2512"]
[BlackElo "2338"]

1.d4 Nf6 2.c4 e6 3.Nc3 Bb4 4.Qc2 O-O 5.a3 Bxc3+ 6.Qxc3 b6 7.Bg5 Bb7 8.f3 c5
9.dxc5 Ne4 10.Bxd8 Nxc3 11.Bh4 Na4 12.cxb6 axb6 13.O-O-O d5 14.cxd5 Bxd5
15.Kb1 Rc8 16.e4 Bb3 17.Rd2 Nc6 18.Bb5 Nb4 19.axb4 f6 20.Ne2 Ba2+ 21.Kxa2 Nc5+
22.Kb1 Nb3 23.Nc3 Nxd2+ 24.Kc2 Nc4 25.Bxc4 Rxc4 26.Kb3 Rd4 27.Bf2 Rd2 28.Bxb6 Rxg2
29.b5 g5 30.Bc7  1-0

[Event "Masters"]
[Site "Singapore SIN"]
[Date "2006.12.29"]
[Round "8"]
[White "Tay Li Jin Jeslin"]
[Black "Chong Chor Yuen"]
[Result "1/2-1/2"]
[WhiteElo "2026"]
[BlackElo "2100"]

1.d4 Nf6 2.c4 e6 3.Nc3 Bb4 4.Qc2 O-O 5.a3 Bxc3+ 6.Qxc3 b6 7.Bg5 Bb7 8.e3 d6
9.Nf3 Nbd7 10.Nd2 Re8 11.f3 c5 12.Bd3 Qc7 13.b4 d5 14.dxc5 bxc5 15.b5 e5
16.cxd5 Nxd5 17.Qb3 h6 18.Bc4 hxg5 19.Bxd5 Bxd5 20.Qxd5 Red8 21.Qa2 Qa5 22.O-O Nb6
23.Rad1 Qxb5 24.Ne4 c4 25.Nxg5 Qc5 26.Qf2 Nd5 27.Rde1 Rab8 28.Kh1 c3 29.Qc2 Nf6
30.Qa2 Rd7 31.Rd1 Rc7 32.Qe2 c2 33.Rc1 Rb3 34.Qd2 Rc8 35.Ne4 Nxe4 36.fxe4 Rxa3
37.Qf2 Rc7 38.Qd2 Rc3 39.Qd8+ Qf8 40.Qd5 Qe7 41.Qd2 Rc8 42.Qf2 a5 43.Qd2 a4
44.Ra1 a3 45.Qc1 Qb4 46.Qd2 Qb2 47.Qd5 R3c7 48.Rac1 a2 49.h3 a1=Q 50.Rxa1 c1=Q
51.Raxc1 Qxc1 52.Rxc1 Rxc1+ 53.Kh2 R1c5 54.Qd7 f6 55.Qe6+ Kf8 56.Qd6+ Kg8
57.Qe6+ Kh8 58.h4  1/2-1/2

[Event "Open A"]
[Site "Prague CZE"]
[Date "2007.01.13"]
[Round "3"]
[White "Bartos,J"]
[Black "Weinzettl,E"]
[Result "0-1"]
[WhiteElo "2221"]
[BlackElo "2364"]

1.d4 e6 2.c4 Nf6 3.Nc3 Bb4 4.Qc2 O-O 5.a3 Bxc3+ 6.Qxc3 Ne4 7.Qc2 f5 8.e3 b6
9.Nh3 Bb7 10.f3 Qh4+ 11.Nf2 Ng5 12.Be2 d6 13.b4 a5 14.Bb2 axb4 15.axb4 Rxa1+
16.Bxa1 Nd7 17.O-O Rf6 18.Qa4 Rh6 19.h3 Nf8 20.d5 Qg3 21.Qa7 Rg6 22.Ng4 Nxh3+
23.Kh1 fxg4 24.fxg4 Nf2+ 25.Kg1 Rh6  0-1

[Event "Open A"]
[Site "Prague CZE"]
[Date "2007.01.15"]
[Round "5"]
[White "Dolezal,R1"]
[Black "Weinzettl,E"]
[Result "1-0"]
[WhiteElo "2422"]
[BlackElo "2364"]

1.d4 e6 2.c4 Nf6 3.Nc3 Bb4 4.Qc2 O-O 5.Bd2 d5 6.cxd5 exd5 7.e3 Re8 8.Nf3 b6
9.Be2 Bg4 10.h3 Bh5 11.O-O Nbd7 12.Rfc1 a6 13.Qb3 Qe7 14.Nxd5 Nxd5 15.Bxb4 Nxb4
16.a3 a5 17.axb4 axb4 18.Rxa8 Rxa8 19.g4 Bg6 20.Rxc7 Ra1+ 21.Bf1 Qd8 22.Rc4 Be4
23.Nd2 Bd5 24.Qxb4 Bxc4 25.Qxc4 h5 26.Nf3 hxg4 27.hxg4 Qf6 28.Kg2 Nf8 29.Qd5 Ng6
30.g5 Qe7 31.Bd3 Ra5 32.Qc6 Nh4+ 33.Nxh4 Qxg5+ 34.Kf1  1-0

[Event "Open"]
[Site "Geneve SUI"]
[Date "2007.01.21"]
[Round "2"]
[White "De la Rosa,D"]
[Black "Palac,M"]
[Result "0-1"]
[WhiteElo "2076"]
[BlackElo "2571"]

1.d4 Nf6 2.c4 e6 3.Nc3 Bb4 4.Qc2 O-O 5.a3 Bxc3+ 6.Qxc3 b6 7.Bg5 h6 8.Bh4 Ba6
9.Qf3 Nc6 10.Bxf6 Qxf6 11.Qxf6 gxf6 12.e3 Na5 13.Rc1 c5 14.b4 cxb4 15.axb4 Nxc4
16.Rxc4 Bxc4 17.Bxc4 Rac8 18.Ba6 Rc1+ 19.Ke2 b5 20.Bb7 d5 21.Kd2 Ra1 22.e4 Rb8
23.Bc6 dxe4 24.Bxe4 Rc8 25.h4 Rcc1 26.Rh3 Rxg1 27.Rc3 Rad1+ 28.Ke3 Rge1+
29.Kf3 Rxd4 30.Bd3 Rxb4 31.h5 a5 32.Rc8+ Kg7 33.Rc7 Rb3  0-1

[Event "5th Parsvnath Open"]
[Site "New Delhi IND"]
[Date "2007.01.22"]
[Round "10"]
[White "Drozdovskij,Y"]
[Black "Das,Ar"]
[Result "1/2-1/2"]
[WhiteElo "2562"]
[BlackElo "2379"]

1.d4 Nf6 2.c4 e6 3.Nc3 Bb4 4.Qc2 O-O 5.a3 Bxc3+ 6.Qxc3 b6 7.Nf3 Bb7 8.e3 d6
9.Be2 Ne4 10.Qc2 Ng5 11.h4 Nxf3+ 12.gxf3 Qf6 13.Rh3 e5 14.dxe5 dxe5 15.Bd2 Qg6
16.Qxg6 hxg6 17.h5 gxh5 18.Rxh5 Nd7 19.O-O-O Nc5 20.b4 Nb3+ 21.Kc2 Nxd2 22.Rxd2 e4
23.Rd7 Rac8 24.fxe4 Bxe4+ 25.Kc3 Rfd8 26.Rxd8+ Rxd8 27.Re5 Bc6 28.Re7 Bd7  1/2-1/2

[Event "IM"]
[Site "Passos BRA"]
[Date "2007.01.22"]
[Round "3"]
[White "Ladeira,Jo"]
[Black "Molina,Rob"]
[Result "1/2-1/2"]
[WhiteElo "2330"]
[BlackElo "2336"]

1.d4 Nf6 2.c4 e6 3.Nc3 Bb4 4.Qc2 O-O 5.Bg5 h6 6.Bh4 d6 7.a3 Bxc3+ 8.Qxc3 Nbd7
9.Nf3 b6 10.e3 Bb7 11.Be2 Qe7 12.O-O Rac8 13.Ne5 dxe5 14.dxe5 Ne4 15.Bxe7 Nxc3
16.bxc3 Rfe8 17.Bh4 Nxe5 18.Bg3 Nd7 19.Rfd1 Nc5 20.f3 Ba6 21.Rab1 Kf8 22.Kf1 Ke7
23.e4 f6 24.Rb4 e5 25.Bf2 Nb7 26.c5 Bxe2+ 27.Kxe2 Na5 28.Rd3 Red8 29.Be3 Rxd3
30.Kxd3 Kd7 31.Bf2 Kc6 32.cxb6 Rd8+ 33.Kc2 axb6 34.Be3 Kb7 35.c4 Nc6 36.Rb2 Ra8
37.Kb3 Na5+ 38.Kc3 Kc6 39.Rd2 Nb7 40.Kb3 Nd6 41.Rd5 Nf7 42.Kb4 Nd8 43.Bf2 Ne6
44.Be3 Rg8 45.Rd2 g5 46.g3 h5 47.Rd1 Rh8 48.Rd2 Rb8 49.Rd5 Ra8 50.h3 Rg8
51.Rd2 Nd8 52.Rd5 Nf7 53.Rd2 Nd6 54.Rd5 g4 55.hxg4 hxg4 56.f4 exf4 57.Bxf4 Nxe4
58.Rh5 Nc5 59.Rh6 Rd8 60.Rxf6+ Kb7 61.Be3 Rd3 62.Bxc5 bxc5+ 63.Kxc5 Rxa3
64.Kb5 Rb3+ 65.Ka5 Rxg3 66.c5 Rc3 67.Kb5 Rb3+ 68.Ka5 c6 69.Rf7+ Kc8 70.Rg7 g3
71.Ka4 Rc3 72.Kb4 Re3 73.Ka5 Rb3 74.Ka4 Rb5  1/2-1/2

[Event "Open"]
[Site "Moscow RUS"]
[Date "2007.01.28"]
[Round "2"]
[White "Maiorov,N"]
[Black "Timofeev,Vl"]
[Result "0-1"]
[WhiteElo "2516"]
[BlackElo "2302"]

1.d4 Nf6 2.c4 e6 3.Nc3 Bb4 4.Qc2 O-O 5.a3 Bxc3+ 6.Qxc3 b6 7.Nf3 Bb7 8.e3 d6
9.Be2 Nbd7 10.O-O Ne4 11.Qc2 f5 12.b4 Ng5 13.Nxg5 Qxg5 14.f3 e5 15.c5 dxc5
16.dxc5 bxc5 17.bxc5 Bc6 18.e4 f4 19.a4 Qe7 20.Ba3 Rf6 21.Bb5 Rd8 22.Rfd1 Nb8
23.Qc3 Rff8 24.Bb2 Rde8 25.Bc4+ Kh8 26.Bd5 Rf6 27.Rd2 Rh6 28.Bxc6 Nxc6 29.Rad1 Qh4
30.h3 Qg3 31.Kf1 Rg6 32.Rf2 h6 33.Qc4 Kh7 34.Qf7 Re7 35.Qf5 Re6 36.Qf7 Re7
37.Qf8 Qh2 38.Qc8 Rxg2 39.Qf5+ Kg8 40.Qc8+ Kh7 41.Qf5+ g6 42.Qxg6+ Kxg6 43.Rxg2+ Qxg2+
44.Kxg2 Kf6 45.Bc3 Ke6 46.Rb1 Rg7+ 47.Kh2 Rg3 48.Rf1 Nd4 49.Bxd4 exd4 50.Rd1 Ke5
51.Rd3 Rg6 52.Rb3 Rc6 53.Rb8 Rxc5 54.Re8+ Kf6 55.Rd8 Rc2+ 56.Kg1 c5 57.Kf1 Kg5
58.Rg8+ Kh5 59.Rg4 d3 60.Ke1 c4 61.Rxf4 c3 62.Rf5+ Kh4 63.Rd5 Re2+ 64.Kf1 c2
65.Rxd3 Rh2  0-1

[Event "5th I Platonov Mem"]
[Site "Kyiv UKR"]
[Date "2007.02.10"]
[Round "9"]
[White "Shishkin,Va UKR"]
[Black "Lutsko,I"]
[Result "1/2-1/2"]
[WhiteElo "2474"]
[BlackElo "2438"]

1.d4 Nf6 2.c4 e6 3.Nc3 Bb4 4.Qc2 O-O 5.a3 Bxc3+ 6.Qxc3 d6 7.Bg5 Nbd7 8.e3 e5
9.Be2 h6 10.Bh4 Re8 11.Nf3 g5 12.Bg3 Ne4 13.Qc2 f5 14.O-O-O Qf6 15.h4 g4
16.Nh2 exd4 17.exd4 Nf8 18.Rhe1 Bd7 19.Bd3 Nxg3 20.fxg3 Ne6 21.Qf2 Nxd4 22.Nxg4 Qg7
23.Ne3 Ba4 24.Nc2 Bxc2 25.Bxc2 c5 26.Bxf5 Rf8 27.g4 Qxg4 28.Bxg4 Rxf2 29.Be6+ Kf8
30.Bd5 Re8 31.Rxe8+ Kxe8 32.Bxb7 Nb3+ 33.Kb1 Nd2+ 34.Ka1 Nxc4 35.b4 Nxa3
36.bxc5 dxc5 37.Rc1 Nc2+ 38.Kb1 Ne3 39.Rxc5 Nxg2 40.Bxg2 Rxg2 41.Rc6 Kf7  1/2-1/2

[Event "V Breizh Masters GM"]
[Site "Guingamp FRA"]
[Date "2007.02.17"]
[Round "2"]
[White "Terrieux,K"]
[Black "Dumitrache,D"]
[Result "0-1"]
[WhiteElo "2332"]
[BlackElo "2455"]

1.d4 Nf6 2.c4 e6 3.Nc3 Bb4 4.Qc2 O-O 5.e4 d6 6.e5 dxe5 7.dxe5 Ng4 8.Nf3 Nc6
9.Bf4 Nd4 10.Qd1 Bc5 11.Nd2 f5 12.Na4 Bb4 13.h3 Nh6 14.a3 Bxd2+ 15.Bxd2 Nf7
16.Bc3 Nc6 17.Qe2 b6 18.Rd1 Qe8 19.b3 Bb7 20.h4 Rd8 21.Rxd8 Qxd8 22.Qb2 Ne7
23.Qa1 Ng6 24.h5 Nf4 25.f3 Qg5 26.Kf2 Nxh5 27.Rh3 Rd8 28.Nb2 Nf4 29.Rh2 Nxe5
30.Bxe5 Rd2+ 31.Kg1 Nh3+ 32.Rxh3 Qg3 33.Kh1 Qxe5 34.f4 Qxb2 35.Qe1 Kf7 36.Qg3 Qa1  0-1

[Event "V Breizh Masters GM"]
[Site "Guingamp FRA"]
[Date "2007.02.24"]
[Round "9"]
[White "Terrieux,K"]
[Black "Oleksienko,M"]
[Result "0-1"]
[WhiteElo "2332"]
[BlackElo "2541"]

1.d4 Nf6 2.c4 e6 3.Nc3 Bb4 4.Qc2 O-O 5.e4 d5 6.e5 Ne4 7.a3 Bxc3+ 8.bxc3 c5
9.Bd3 cxd4 10.cxd4 Qa5+ 11.Kf1 Bd7 12.Ne2 f6 13.Bxe4 dxe4 14.Bd2 Qa6 15.Bb4 Rc8
16.exf6 Rxc4 17.Qd2 gxf6 18.h4 Nc6 19.Rh3 Nxb4 20.Qh6 Rf8 21.Rg3+ Kf7 22.Rg7+ Ke8
23.Rxd7 Kxd7 24.Qxf8 Nd5 25.Qf7+ Kd6 26.Qf8+ Kc7 27.Qf7+ Kb8 28.Qxh7 f5 29.Kg1 Rc7
30.Qh8+ Rc8 31.Qe5+ Ka8 32.Ng3 Rd8 33.h5 Qd6 34.Qxd6 Rxd6 35.Ne2 Rd8 36.Rc1 Kb8
37.Kh2 Rh8 38.g4 fxg4 39.Ng3 b6 40.Rc6 Nf4 41.Nxe4 Nxh5 42.Ng5 Kb7 43.Rc2 Ng7+
44.Kg3 Nf5+ 45.Kf4 Nxd4 46.Rc4 Rd8 47.Kxg4 b5 48.Rc3 Kb6 49.f4 a5 50.Re3 Re8
51.Kh5 b4 52.axb4 axb4 53.Kg6 b3 54.Kf7 b2 55.Re1 Rc8 56.Rb1 Rc7+ 57.Kf6 Rc2
58.Ke5 Nb5 59.Nxe6 Nc3 60.Nd4 Nxb1  0-1

[Event "TCh-BEL 2006-7"]
[Site "Belgium BEL"]
[Date "2007.02.25"]
[Round "9"]
[White "Bertrem,S"]
[Black "Gharamian,T"]
[Result "0-1"]
[WhiteElo "2189"]
[BlackElo "2477"]

1.d4 e6 2.c4 Bb4+ 3.Nc3 Nf6 4.Qc2 O-O 5.a3 Bxc3+ 6.Qxc3 b6 7.Bg5 Bb7 8.Nf3 d6
9.Nd2 c5 10.e3 h6 11.Bh4 Re8 12.Be2 Nd5 13.cxd5 Qxh4 14.Nf3 cxd4 15.Qb3 Qe7
16.dxe6 dxe3 17.exf7+ Qxf7 18.Qxf7+ Kxf7 19.fxe3 Rxe3 20.O-O Kg8 21.Rae1 d5
22.Nd4 Nd7 23.Nf5 Re4 24.Bb5 Nf6 25.Rc1 Ne8 26.Bxe8 Rexe8 27.Rc7 Ba6 28.Rfc1 Bd3
29.Ne7+ Kh8 30.Nxd5 Bf5 31.Ne7 Be4 32.h4 Rad8 33.h5 Rd2 34.Ng6+ Kg8 35.Rxa7 Rxg2+
36.Kf1 Rxb2 37.Ne7+ Kh7 38.Rcc7 Rf8+ 39.Ke1 Bd3 40.Nf5 Rxf5 41.Rxg7+ Kh8
42.Raf7 Rxf7 43.Rxf7 b5 44.Rb7 Re2+ 45.Kd1 Re5  0-1

[Event "Victor Ciocaltea Mem"]
[Site "Bucharest ROM"]
[Date "2007.03.06"]
[Round "1"]
[White "Grigore,Ge"]
[Black "Berescu,A"]
[Result "1/2-1/2"]
[WhiteElo "2496"]
[BlackElo "2495"]

1.d4 Nf6 2.c4 e6 3.Nc3 Bb4 4.Qc2 O-O 5.Bg5 d6 6.e3 Nbd7 7.Bd3 h6 8.Bh4 b6
9.Ne2 Bb7 10.O-O Bxc3 11.Nxc3 c5 12.d5 a6 13.a4 Qc7 14.Rad1 Rae8 15.e4 e5
16.a5 g5 17.axb6 Qxb6 18.Bg3 Nh5 19.Ra1 Rb8 20.Rfb1 Bc8 21.Ra3 Re8 22.Qd1 Ndf6
23.Be2 Nxg3 24.fxg3 Kg7 25.Qd3 Qd8 26.b3 Re7 27.Rf1 Rb6 28.Nd1 Reb7 29.Ne3 Bd7
30.Bd1 Rb8 31.Ra2 Ng8 32.h3 Qc7 33.Kh2 f6 34.Raf2 Qb7 35.Qd2 Rf8 36.h4 Qc8
37.Qe2 Qe8 38.Qd3 Qc8 39.Qe2 Qe8  1/2-1/2

[Event "64th ch-GEO w"]
[Site "Tbilisi GEO"]
[Date "2007.03.06"]
[Round "5"]
[White "Purtseladze,M"]
[Black "Batsiashvili,N"]
[Result "0-1"]
[WhiteElo "2308"]
[BlackElo "2310"]

1.d4 Nf6 2.c4 e6 3.Nc3 Bb4 4.Qc2 O-O 5.a3 Bxc3+ 6.Qxc3 b6 7.Bg5 Bb7 8.f3 d6
9.Nh3 h6 10.Bh4 Nbd7 11.Nf2 Rc8 12.e4 Re8 13.Bd3 c5 14.Ng4 Ba6 15.O-O Nxe4
16.Qe1 Nef6 17.Qg3 h5 18.Nh6+ Kf8 19.Nxf7 Kxf7 20.Bg6+ Kg8 21.Qxd6 Nf8 22.Qxd8 Rexd8
23.Bxf6 gxf6 24.Bxh5 Bxc4 25.Rac1 cxd4  0-1

[Event "23rd Open"]
[Site "Cappelle la Grande FRA"]
[Date "2007.03.07"]
[Round "6"]
[White "Akesson,R"]
[Black "Chernyshov,K"]
[Result "1/2-1/2"]
[WhiteElo "2475"]
[BlackElo "2556"]

1.d4 Nf6 2.c4 e6 3.Nc3 Bb4 4.Qc2 O-O 5.a3 Bxc3+ 6.Qxc3 b6 7.Bg5 Bb7 8.f3 c5
9.dxc5 bxc5 10.e3 Nc6 11.Nh3 h6 12.Bh4 Rc8 13.Nf2 g5 14.Bg3 d5 15.h4 d4 16.exd4 Nh5
17.Bh2 Nxd4 18.Be5 f6 19.Bxd4 cxd4 20.Qb4 Qc7 21.hxg5 Ng3 22.Rxh6 Qe5+ 23.Kd1 Qxg5
24.Qxb7 Qxh6 25.Bd3 f5 26.Kc2 Qg7 27.Qa6 Rce8 28.Re1 e5 29.Qd6 Qf6 30.Qxf6 Rxf6
31.c5 Rh6 32.Bb5 Re7 33.Nd3 e4 34.Nf4 Kf7 35.b4 Re5 36.Kb3 a6 37.Bc4+ Ke8
38.a4 Kd7 39.Bd5 d3 40.Kc3 exf3 41.Rxe5 f2 42.Nxd3 f1=Q 43.Re1 Qxe1+ 44.Nxe1 Ne2+
45.Kd2 Nf4 46.Bf3 Ne6  1/2-1/2

[Event "I Open"]
[Site "La Laguna ESP"]
[Date "2007.03.07"]
[Round "4"]
[White "Vera,R"]
[Black "Barlov,D"]
[Result "0-1"]
[WhiteElo "2494"]
[BlackElo "2439"]

1.d4 Nf6 2.c4 e6 3.Nc3 Bb4 4.Qc2 O-O 5.a3 Bxc3+ 6.Qxc3 b6 7.e3 Ba6 8.Nf3 d5
9.b4 c5 10.dxc5 bxc5 11.Bb2 Nbd7 12.b5 Bb7 13.Be2 e5 14.Nxe5 d4 15.exd4 Ne4
16.Qe3 Qa5+ 17.Kf1 cxd4 18.Qxd4 Nxe5 19.Qxe5 f6 20.Qe7 Qd2 21.Qb4 Rfe8 22.c5 Qf4
23.f3 Nd2+ 24.Ke1 Nxf3+ 25.gxf3 Qxf3 26.Qd4 Bd5 27.Kd1 Qxh1+ 28.Kd2 Qg2 29.Qg4 Rad8  0-1

[Event "TCh-NOR 2006-7"]
[Site "Oslo NOR"]
[Date "2007.03.10"]
[Round "8"]
[White "Elsness,F"]
[Black "Sahl,Bj"]
[Result "1-0"]
[WhiteElo "2432"]
[BlackElo "2381"]

1.d4 Nf6 2.c4 e6 3.Nc3 Bb4 4.Qc2 O-O 5.a3 Bxc3+ 6.Qxc3 Ne4 7.Qc2 f5 8.Nh3 Nc6
9.e3 a5 10.b3 d6 11.f3 Nf6 12.Bd3 Qe8 13.Bb2 e5 14.dxe5 Nxe5 15.O-O Nxd3
16.Qxd3 Qc6 17.Nf4 Bd7 18.a4 Rae8 19.Rac1 Be6 20.Rfe1 Qd7 21.Re2 b6 22.Rce1 Qf7
23.Bxf6 Qxf6 24.e4 fxe4 25.Rxe4 Bf7 26.Nd5 Qd8 27.Ne7+ Kh8 28.Qe3 Qd7 29.g4 Rd8
30.Nf5 Bg6 31.Re7 Bxf5 32.Rxd7 Bxd7 33.Qg5 h6 34.Qd5 Rde8 35.Rxe8 Bxe8 36.Qb7 Rf7
37.Qc8 Re7 38.Qd8 Re5  1-0

[Event "TCh-NOR 2006-7"]
[Site "Oslo NOR"]
[Date "2007.03.10"]
[Round "8"]
[White "Adnoy,H"]
[Black "Ekeberg,C"]
[Result "1/2-1/2"]
[WhiteElo "2294"]
[BlackElo "2365"]

1.d4 Nf6 2.c4 e6 3.Nc3 Bb4 4.Qc2 O-O 5.a3 Bxc3+ 6.Qxc3 b6 7.Bg5 Bb7 8.Nf3 d6
9.e3 Nbd7 10.Be2 Rc8 11.Nd2 h6 12.Bh4 Ne4 13.Bxd8 Nxc3 14.bxc3 Rfxd8 15.O-O c5
16.f4 f5 17.a4 a5 18.Kf2 Kf7 19.Bf3 Bxf3 20.Kxf3 Kf6  1/2-1/2

[Event "39th WGM"]
[Site "Belgrade/Lazarevac SRB"]
[Date "2007.03.11"]
[Round "7"]
[White "Olarasu,G"]
[Black "Maksimovic,S"]
[Result "1/2-1/2"]
[WhiteElo "2274"]
[BlackElo "2271"]

1.d4 Nf6 2.c4 e6 3.Nc3 Bb4 4.Qc2 O-O 5.a3 Bxc3+ 6.Qxc3 b6 7.Nf3 Bb7 8.g3 d6
9.Bg2 Nbd7 10.O-O Qe7 11.Re1 c5 12.dxc5 Nxc5 13.Bg5  1/2-1/2

[Event "Victor Ciocaltea Mem"]
[Site "Bucharest ROM"]
[Date "2007.03.12"]
[Round "7"]
[White "Shishkin,Va UKR"]
[Black "Berescu,A"]
[Result "0-1"]
[WhiteElo "2474"]
[BlackElo "2495"]

1.d4 Nf6 2.c4 e6 3.Nc3 Bb4 4.Qc2 O-O 5.a3 Bxc3+ 6.Qxc3 b6 7.Bg5 d6 8.Qf3 c6
9.e3 Bb7 10.Bd3 Nbd7 11.Qg3 c5 12.Nf3 Be4 13.Be2 Qc7 14.O-O Bg6 15.Nd2 h6
16.Bh4 Rfe8 17.b4 e5 18.Bf3 Rac8 19.dxe5 dxe5 20.b5 Bd3 21.Bxf6 Nxf6 22.Rfe1 e4
23.Qxc7 Rxc7 24.Be2 Rd7 25.Ra2 Bxe2 26.Rxe2 Ng4 27.h3 Ne5 28.Nxe4 Nxc4 29.Nc3 Rd3
30.Rec2 f5 31.Kf1 Red8 32.Ke2 Kf7 33.a4 Na5 34.Nb1 Ke6 35.Nd2 Nb3 36.Nc4 Rd1
37.Ra3 Nc1+ 38.Kf3 Nd3 39.Kg3 Ne5 40.Nxe5 Kxe5 41.a5 Rb1 42.axb6 axb6 43.Ra7 Kf6
44.Rc7 Rxb5 45.Ra2 Rd6 46.Ra8 g6 47.Rh8 h5 48.f4 Ke6 49.Re8+ Kd5 50.Kh4 Rb2
51.g4 hxg4 52.hxg4 Rg2 53.e4+ fxe4 54.Kg5 c4 55.Rce7 Re2 56.Re5+ Kd4 57.R5e6 Rxe6
58.Rxe6 Rg2 59.Kxg6 Rxg4+ 60.Kf5 Rg8 61.Rxe4+ Kd3 62.Re6 Rb8 63.Ke5 b5 64.f5 b4
65.f6 b3 66.f7 Rf8 67.Rf6 b2  0-1

[Event "64th ch-GEO w"]
[Site "Tbilisi GEO"]
[Date "2007.03.12"]
[Round "10"]
[White "Lomineishvili,M"]
[Black "Khukhashvili,S"]
[Result "1-0"]
[WhiteElo "2399"]
[BlackElo "2320"]

1.d4 Nf6 2.c4 e6 3.Nc3 Bb4 4.Qc2 O-O 5.e4 d5 6.e5 Ne4 7.Bd3 c5 8.Ne2 cxd4
9.Nxd4 Nd7 10.Bf4 Ndc5 11.O-O Nxd3 12.Qxd3 Bxc3 13.bxc3 b6 14.cxd5 exd5 15.Rad1 a5
16.Rfe1 Ba6 17.Qh3 Qc8 18.Nf5 Kh8 19.g4 Qxc3 20.Re3 Qb4 21.a3 Qc5 22.Qh4 f6
23.Rh3 Qxf2+ 24.Qxf2 Nxf2 25.Kxf2 g6 26.Rxd5 Ra7 27.Bh6 Rc8 28.Rc3 Raa8 29.Rxc8+ Rxc8
30.Ne7  1-0

[Event "64th ch-GEO w"]
[Site "Tbilisi GEO"]
[Date "2007.03.12"]
[Round "10"]
[White "Purtseladze,M"]
[Black "Khurtsidze,N"]
[Result "1/2-1/2"]
[WhiteElo "2308"]
[BlackElo "2451"]

1.d4 Nf6 2.c4 e6 3.Nc3 Bb4 4.Qc2 O-O 5.a3 Bxc3+ 6.Qxc3 d6 7.Bg5 Nbd7 8.f3 b6
9.Nh3 h6 10.Bh4 c5 11.Nf2 Ba6 12.dxc5 Nxc5 13.Bxf6 Qxf6 14.Qxf6 gxf6 15.e3 f5
16.b4 Na4 17.g4 fxg4 18.Rg1 f5 19.fxg4 f4 20.g5 fxe3 21.gxh6+ Kh8 22.Ng4 Nc3
23.Nxe3 Rf3 24.Rg3 Raf8 25.Bd3 d5 26.Kd2 d4 27.Ng4 Rf2+ 28.Nxf2 Rxf2+ 29.Ke1 Rf8
30.Rc1 e5 31.Rxc3 dxc3 32.b5 Bb7 33.Bg6 Bf3 34.a4 e4 35.Bxe4 Bxe4 36.Rxc3 Rc8
37.Kd2 Rc5 38.a5 Rh5 39.h3 Rc5 40.axb6 axb6 41.Ra3 Bb7 42.Ra7 Rc7 43.c5 bxc5
44.Kc3 Kh7 45.b6 Rd7 46.Kc4 Kxh6 47.Rxb7 Rxb7 48.Kxc5 Kg5 49.Kc6 Rb8 50.b7 Kh4  1/2-1/2

[Event "66th ch-GEO"]
[Site "Tbilisi GEO"]
[Date "2007.03.20"]
[Round "6"]
[White "Mchedlishvili,M"]
[Black "Gelashvili,T"]
[Result "0-1"]
[WhiteElo "2583"]
[BlackElo "2612"]

1.d4 Nf6 2.c4 e6 3.Nc3 Bb4 4.Qc2 O-O 5.Bg5 c5 6.dxc5 Na6 7.a3 Bxc3+ 8.Qxc3 Nxc5
9.Bxf6 Qxf6 10.Qxf6 gxf6 11.b4 Na4 12.e3 b6 13.Nf3 Ba6 14.Nd2 Rfc8 15.Ne4 Kf8
16.Be2 Ke7 17.Nd2 Rc7 18.e4 Rac8 19.Bd1 Nb2 20.b5 Bb7 21.Bb3 Nd3+ 22.Ke2 Nf4+
23.Kf3 e5 24.g3 Ne6 25.Ke3 Nd4 26.Bd1 f5 27.f3 fxe4 28.fxe4 f5 29.Rf1 Bxe4
30.Nxe4 fxe4 31.Rc1 Rxc4 32.Rxc4 Rxc4 33.Kxe4 d6 34.Bh5 Nxb5+ 35.Kd3 Rc3+
36.Kd2 Rxa3 37.Rf7+ Ke6 38.Rxh7 e4 39.Bf7+ Kf6 40.Bc4 e3+ 41.Ke2 Nd4+  0-1

[Event "Open"]
[Site "Zagreb CRO"]
[Date "2007.03.20"]
[Round "4"]
[White "Filipovic,Ma"]
[Black "Jakupec,D"]
[Result "1-0"]
[WhiteElo "2287"]
[BlackElo "2124"]

1.d4 Nf6 2.c4 e6 3.Nc3 Bb4 4.Qc2 O-O 5.a3 Bxc3+ 6.Qxc3 b6 7.Bg5 Bb7 8.f3 h6
9.Bh4 d5 10.e3 Nbd7 11.cxd5 exd5 12.Bd3 Re8 13.Bf2 c5 14.Ne2 a5 15.O-O Ba6
16.Bxa6 Rxa6 17.Nf4 c4 18.a4 Ra8 19.b3 Rc8 20.Rfc1 Qe7 21.bxc4 g5 22.Ne2 Rxc4
23.Qd3 Rec8 24.Rxc4 dxc4 25.Qc2 Nd5 26.e4 Nb4 27.Qd2 Nf8 28.Nc3 Ne6 29.Be3 Rd8
30.Rd1 Qc7 31.Nb5 Qc8 32.Rc1 Nd3 33.Rc3 Nef4 34.d5 f5 35.Bxb6 fxe4 36.fxe4 Rf8
37.Qd1 Ne5 38.Bd4 Nfd3 39.Nd6 Qd7 40.Nxc4 Nxc4 41.Qxd3 Nd6 42.Rc6 Nf7 43.Rg6+  1-0

[Event "VIII Dos Hermanas Internet"]
[Site "ICC INT"]
[Date "2007.03.24"]
[Round "3.4"]
[White "Shipov,S"]
[Black "Ibrahimov,R"]
[Result "0-1"]
[WhiteElo "2591"]
[BlackElo "2530"]

1.d4 Nf6 2.c4 e6 3.Nc3 Bb4 4.Qc2 O-O 5.a3 Bxc3+ 6.Qxc3 d6 7.Nf3 Nbd7 8.e3 b6
9.Be2 Bb7 10.O-O Ne4 11.Qc2 f5 12.b4 Rf6 13.d5 exd5 14.Bb2 Rg6 15.cxd5 Bxd5
16.Bc4 Bxc4 17.Qxc4+ Kh8 18.Qf7 c5 19.Qxf5 Ndf6 20.Nh4 Rh6 21.Qf4 d5 22.Nf5 Rg6
23.Rad1 Rg4 24.Qe5 Qd7 25.f3 Re8 26.Qxe8+ Qxe8 27.fxg4 h6 28.h3 Kh7 29.Rf4 c4
30.Bd4 Qa4 31.Rdf1 Nd2 32.Re1 Nde4 33.Ref1 Nd2 34.Re1 Nb3 35.Bxf6 gxf6 36.e4 Qe8
37.Rff1 d4 38.e5 fxe5 39.Nd6 Qe6 40.Ne4 c3 41.Rf6 Qd5 42.Rd6 Qb5 43.Rf1 Qxf1+
44.Kxf1 c2 45.Rd7+ Kg6 46.Rd6+ Kf7 47.Rc6 Nc5 48.bxc5 c1=Q+ 49.Ke2 Qe3+ 50.Kd1 Qxe4
51.Rc7+ Ke6 52.cxb6 axb6 53.Rc2 d3 54.Rd2 Qd4 55.Ra2 e4  0-1

[Event "VIII Dos Hermanas Internet"]
[Site "ICC INT"]
[Date "2007.03.24"]
[Round "3.2"]
[White "Shipov,S"]
[Black "Ibrahimov,R"]
[Result "0-1"]
[WhiteElo "2591"]
[BlackElo "2530"]

1.d4 Nf6 2.c4 e6 3.Nc3 Bb4 4.Qc2 O-O 5.a3 Bxc3+ 6.Qxc3 d6 7.Nf3 b6 8.e3 Nbd7
9.Be2 Bb7 10.O-O Ne4 11.Qc2 f5 12.b4 Rf6 13.d5 exd5 14.Bb2 Rg6 15.cxd5 Bxd5
16.Bc4 Bxc4 17.Qxc4+ Kh8 18.Qf7 Qe8 19.Qxf5 c5 20.Rad1 Ndf6 21.g3 c4 22.Bd4 Rc8
23.Nh4 Rg5 24.Qh3 c3 25.Rc1 Rh5 26.Qg2 Qe6 27.Rc2 Kg8 28.Rfc1 g5 29.Nf3 g4
30.Nh4 Nd5 31.f3 gxf3 32.Qxf3 Rg5 33.Ng2 Nd2 34.Qe2 Rf8 35.Rxd2 cxd2 36.Qxd2 Qe4
37.Rd1 Rgf5 38.Ba1 Rf2 39.Qxf2 Rxf2 40.Kxf2 Qc2+ 41.Ke1 Qxg2 42.Bd4 Kf7 43.Rd2 Qh1+
44.Ke2 Ke6 45.Kd3 Nf6 46.Kc2 Ne4 47.Rd3 Qg2+ 48.Kb3 Qe2  0-1

[Event "Vladimir Zak mem"]
[Site "St Petersburg RUS"]
[Date "2007.03.29"]
[Round "6"]
[White "Hort,Ar"]
[Black "Torshin,An"]
[Result "0-1"]
[WhiteElo "2125"]
[BlackElo "2132"]

1.d4 Nf6 2.c4 e6 3.Nc3 Bb4 4.Qc2 O-O 5.Nf3 c5 6.dxc5 Bxc5 7.Bg5 Nc6 8.e3 Be7
9.Be2 h6 10.Bh4 b6 11.O-O Ne8 12.Bxe7 Qxe7 13.Rfd1 Bb7 14.Rd2 f5 15.Rad1 Rd8
16.a3 Nf6 17.b4 Ng4 18.h3 Nge5 19.Nb5 d5 20.cxd5 Nxf3+ 21.Bxf3 Ne5 22.Be2 Bxd5
23.Qc3 Qf6 24.f4 Nd7 25.Qxf6 Nxf6 26.Nxa7 Ne4 27.Rd4 Nc3 28.R1d2 Ra8 29.Nb5 Nxb5
30.Bxb5 Rxa3 31.Kf2 Rc8 32.Bd3 Rf8 33.Bc4 Bxc4 34.Rxc4 Rb3 35.Rc6 Rxb4 36.Rxe6 Rf7
37.Kf3 Rb1 38.Rd8+ Kh7 39.Rb8 Rf6 40.Rbxb6 Rxb6  0-1

[Event "1st Alexandr Buslaev Mem"]
[Site "Tbilisi GEO"]
[Date "2007.04.05"]
[Round "5"]
[White "Purtseladze,M"]
[Black "Kashashvili,A"]
[Result "0-1"]
[WhiteElo "2348"]
[BlackElo "2306"]

1.d4 Nf6 2.c4 e6 3.Nc3 Bb4 4.Qc2 O-O 5.a3 Bxc3+ 6.Qxc3 b6 7.Bg5 c5 8.dxc5 bxc5
9.e3 Bb7 10.Ne2 d6 11.Rd1 Nbd7 12.f3 Qb6 13.Nf4 d5 14.Be2 d4 15.exd4 cxd4
16.Qb4 e5 17.Nd3 Rfe8 18.O-O Qc6 19.Bxf6 Nxf6 20.Qc5 Qe6 21.Rfe1 a5 22.b4 axb4
23.axb4 Nd7 24.Qc7 Rab8 25.Nc5 Nxc5 26.bxc5 Bc6 27.Bd3 Rb2 28.Bf1 Rb7 29.Qd6 Rd7
30.Qxe6 Rxe6 31.Rb1 f5 32.Rb6 e4 33.g4 g6 34.fxe4 fxe4 35.g5 Rc7 36.Rb8+ Kf7
37.Rd8 d3 38.Kf2 Re5 39.Bg2 e3+  0-1

[Event "18th Pobeskydi Chance Cup"]
[Site "Frydek Mistek CZE"]
[Date "2007.04.06"]
[Round "4"]
[White "Gumula,D"]
[Black "Rychlik,H"]
[Result "1-0"]
[WhiteElo "2373"]
[BlackElo "2040"]

1.d4 Nf6 2.c4 e6 3.Nc3 Bb4 4.Qc2 O-O 5.a3 Bxc3+ 6.Qxc3 b6 7.Bg5 Bb7 8.e3 d6
9.f3 Nbd7 10.Bd3 c5 11.Ne2 Rc8 12.e4 cxd4 13.Qxd4 Qc7 14.Nc3 a6 15.Be2 Qc5
16.Be3 Qxd4 17.Bxd4 d5 18.cxd5 exd5 19.exd5 b5 20.Rd1 Rfe8 21.d6 Re6 22.Kf2 Rxd6
23.Rhe1 Re6 24.Bd3 Rxe1 25.Rxe1 Re8 26.Rc1 Ne5 27.Bf1 h6 28.h3 Re6 29.Re1 Nc6
30.Rxe6 fxe6 31.Bxf6 gxf6 32.Ne4 Kf7 33.Nd6+  1-0

[Event "45th Doeberl Cup"]
[Site "Canberra AUS"]
[Date "2007.04.07"]
[Round "4"]
[White "Shipov,S"]
[Black "Bakre,T"]
[Result "1/2-1/2"]
[WhiteElo "2592"]
[BlackElo "2426"]

1.d4 Nf6 2.c4 e6 3.Nc3 Bb4 4.Qc2 O-O 5.a3 Bxc3+ 6.Qxc3 b6 7.Nf3 Bb7 8.e3 d6
9.Be2 Nbd7 10.O-O Qe7 11.b4 c5 12.Rd1 Rfc8 13.Bb2 a5 14.Qb3 Ra7 15.Nd2 Rca8
16.f3 axb4 17.axb4 Bc6 18.Rxa7 Rxa7 19.Ra1 Rxa1+ 20.Bxa1 Qe8 21.e4 Qa8 22.Bb2 e5
23.dxe5 dxe5 24.Nf1 cxb4 25.Qxb4 Qf8 26.Ba3 Qc5+ 27.Qxc5 bxc5 28.Ne3 Ne8
29.g3 Nd6 30.Bf1 Nb7 31.Kf2 f6 32.Bh3 Kf7 33.Ke2 Nb6 34.Kd3 Bd7 35.Bf1 Ke7
36.Kc3 Kd6 37.Nd5 Nc8 38.Be2  1/2-1/2